Jazyk představitelů a novinářů ČSSR v období Pražského jara 1968

Politická lingvistika vzťahu jazyka a politiky v spôsobe komunikácie politických predstaviteľov v období nedemokratického komunistického režimu v Československej socialistickej republike počas obdobia Pražskej jari v roku 1968. Využívanie propagandy ako prostriedku na posilňovanie svojho mocenského...

Descrizione completa

Salvato in:
Dettagli Bibliografici
Autore principale: Maier, Tomas, 1965-
Natura: Capitolo di libro
Lingua:ceco
Soggetti:
Tags: Aggiungi Tag
Nessun Tag, puoi essere il primo ad aggiungerne!!

MARC

LEADER 00000naa$a2200000$$$4500
001 0279745
005 20240502074334.8
041 0 |a cze 
044 |a SK 
245 1 0 |a Jazyk představitelů a novinářů ČSSR v období Pražského jara 1968  |c Tomas Maier 
520 |a Politická lingvistika vzťahu jazyka a politiky v spôsobe komunikácie politických predstaviteľov v období nedemokratického komunistického režimu v Československej socialistickej republike počas obdobia Pražskej jari v roku 1968. Využívanie propagandy ako prostriedku na posilňovanie svojho mocenského monopolu Komunistickou stranou, skúmanie „svetlého“ obdobia československých dejín, keď komunistický režim na niekoľko mesiacov ovplyvnil proces demokratizácie, ktorý sa však skončil násilne prepadnutím krajiny vstupom vojsk cudzích štátov. 
610 2 0 |a jazykoveda 
610 2 0 |a komunizmus 
610 2 0 |a situácia politická 
610 2 0 |a Československo 
610 2 0 |a prejavy 
610 2 0 |a rétorika 
610 2 0 |a tlač 
610 2 0 |a noviny 
610 2 0 |a dokumenty 
100 1 |a Maier, Tomas, 1965-